गणित की रोचक बातें / (Record no. 117743)
[ view plain ]
| 000 -LEADER | |
|---|---|
| fixed length control field | 01217nam a22002537a 4500 |
| 005 - DATE AND TIME OF LATEST TRANSACTION | |
| control field | 20170124103100.0 |
| 010 ## - LIBRARY OF CONGRESS CONTROL NUMBER | |
| LC control number | B-016004 |
| 020 ## - INTERNATIONAL STANDARD BOOK NUMBER | |
| Terms of availability | 125.00 |
| International Standard Book Number | 8185829969 |
| 035 ## - SYSTEM CONTROL NUMBER | |
| System control number | B-016004 |
| 037 ## - SOURCE OF ACQUISITION | |
| Source of stock number/acquisition | Cen Lib/Ret |
| 040 ## - CATALOGING SOURCE | |
| Original cataloging agency | DPL |
| Language of cataloging | HN |
| 082 ## - DEWEY DECIMAL CLASSIFICATION NUMBER | |
| Classification number | 510 |
| Item number | वीरेन्द्र |
| 100 ## - MAIN ENTRY--PERSONAL NAME | |
| Personal name | वीरेन्द्र कुमार |
| 9 (RLIN) | 76585 |
| 245 ## - TITLE STATEMENT | |
| Title | गणित की रोचक बातें / |
| Statement of responsibility, etc | वीरेन्द्र कुमार |
| 246 ## - VARYING FORM OF TITLE | |
| Title proper/short title | Ganit ki rochak baaten / |
| Remainder of title | by Virendra Kumar |
| 260 ## - PUBLICATION, DISTRIBUTION, ETC. (IMPRINT) | |
| Place of publication, distribution, etc | दिल्ली |
| Name of publisher, distributor, etc | ज्ञान गंगा |
| Date of publication, distribution, etc | 2000 |
| 270 ## - ADDRESS | |
| Address | 205-सी, चावडी बाज़ार |
| City | दिल्ली |
| Postal code | 110006 |
| 300 ## - PHYSICAL DESCRIPTION | |
| Extent | 143पृ. : |
| Dimensions | 21सेमी (सजिल्द) |
| Other physical details | सचित्र |
| 650 ## - SUBJECT ADDED ENTRY--TOPICAL TERM | |
| Topical term or geographic name as entry element | गणित--अध्ययन और अध्यापन (माध्यमिक) |
| 9 (RLIN) | 76586 |
| 650 ## - SUBJECT ADDED ENTRY--TOPICAL TERM | |
| Topical term or geographic name as entry element | अंकगणित--अध्ययन और अध्यापन (माध्यमिक) |
| 9 (RLIN) | 76587 |
| 650 ## - SUBJECT ADDED ENTRY--TOPICAL TERM | |
| Topical term or geographic name as entry element | Mathematics -- Study and teaching (Secondary) |
| 9 (RLIN) | 76588 |
| 650 ## - SUBJECT ADDED ENTRY--TOPICAL TERM | |
| Topical term or geographic name as entry element | Arithmetic -- Study and teaching (Secondary) |
| 9 (RLIN) | 76589 |
| 942 ## - ADDED ENTRY ELEMENTS (KOHA) | |
| Source of classification or shelving scheme | Dewey Decimal Classification |
| Koha item type | Hindi Books |
| Classification part | 510 |
| Call number suffix | वीरेन्द्र |
| Withdrawn status | Lost status | Damaged status | Not for loan | Home library | Current library | Date acquired | Source of acquisition | Cost, normal purchase price | Total Checkouts | Total Renewals | Full call number | Barcode | Date last seen | Date checked out | Copy number | Cost, replacement price | Price effective from | Koha item type |
|---|---|---|---|---|---|---|---|---|---|---|---|---|---|---|---|---|---|---|
| Central Library | Central Library | 08/09/2015 | Cen Lib/Ret | 125.00 | 6 | 6 | 510 वीरेन्द्र | B-016004 | 01/02/2022 | 04/01/2022 | 1 | 125.00 | 08/09/2015 | Hindi Books |
